00329nam a22001337a 4500003000400000005001700004008004100021020001500062040000700077082001900084100002300103245005000126300001900176OSt20211208144044.0211208b |||||||| |||| 00| 0 eng d a0947885277 cHU a371.144GIB1988 a Gibbs, Graham a53 interesting ways to appraise your teaching a168PbPCc21CM